东汉行政区划 Administrative Division of Eastern Han Dynasty - Statistics

General Stats
  • This quiz has been taken 188 times
  • The average score is 39 of 105
Answer Stats
州部 郡国 % Correct
长沙
66%
武威
64%
右扶风
61%
荆州 南阳
61%
张掖
61%
零陵
60%
吴郡
60%
会稽
60%
汉中
58%
江夏
57%
巴郡
56%
酒泉
55%
京兆尹
53%
河东
53%
辽东
53%
益州 蜀郡
53%
交趾
53%
左冯翊
51%
交州 南海
50%
司隶校尉部 河南尹
49%
河内
49%
北海
49%
南郡
49%
敦煌
49%
陈国
47%
琅琊
47%
徐州 下邳
46%
桂阳
45%
上党
45%
并州 太原
44%
冀州 魏郡
43%
广陵
43%
辽西
43%
弘农
42%
济南
42%
豫章
42%
乐浪
42%
日南
42%
陈留
41%
汝南
40%
颍川
40%
赵国
40%
渔阳
40%
青州 齐国
39%
武陵
39%
扬州 九江
39%
右北平
39%
东海
38%
庐江
38%
丹阳
38%
五原
38%
济北
37%
泰山
37%
常山
37%
勃海
36%
豫州 沛国
35%
金城
35%
益州
35%
九真
34%
中山
33%
玄菟
33%
山阳
32%
东郡
32%
鲁郡
32%
平原
32%
陇西
32%
涿郡
31%
雁门
31%
犍为
31%
云中
30%
武都
30%
北地
29%
苍梧
29%
河间
28%
东莱
28%
彭城
28%
代郡
28%
广汉
28%
广汉属国
27%
梁国
26%
钜鹿
26%
上谷
26%
上郡
25%
清河
24%
朔方
24%
安定
24%
合浦
24%
兖州 济阴
23%
蜀郡属国
23%
永昌
23%
牂牁
23%
辽东属国
20%
张掖居延属国
20%
任城
19%
张掖属国
18%
郁林
18%
越巂
17%
凉州 汉阳
16%
安平
15%
幽州 广阳
15%
西河
15%
犍为属国
15%
东平
13%
乐安
12%
定襄
12%
No matching quizzes found
Score Distribution
Percent of People with Each Score
Percentile by Number Answered
Your Score History
You have not taken this quiz